000 00346nam a22001337a 4500
008 181218b xxu||||| |||| 00| 0 eng d
020 _a9780553057768
041 _aeng
080 _a941
100 _a17
101 _aHIS
245 _aPower Shift. Knowledge, Wealth, and Violence at the edge of the 21ST Century
_cToffler, A
942 _2udc
_cBK
999 _c53431
_d53431